Upper leathers. (Record no. 86441)
[ view plain ]
| 000 -LEADER | |
|---|---|
| fixed length control field | 00630cam a2200229 4500 |
| 001 - CONTROL NUMBER | |
| control field | sa 68015428 |
| 003 - CONTROL NUMBER IDENTIFIER | |
| control field | DLC |
| 005 - DATE AND TIME OF LATEST TRANSACTION | |
| control field | 20260227112643.0 |
| 008 - FIXED-LENGTH DATA ELEMENTS--GENERAL INFORMATION | |
| fixed length control field | 700323s1966 ii 000 0 eng |
| 010 ## - LIBRARY OF CONGRESS CONTROL NUMBER | |
| LC control number | sa 68015428 |
| 025 ## - OVERSEAS ACQUISITION NUMBER | |
| Overseas acquisition number | PL480:I-E-7434 |
| 040 ## - CATALOGING SOURCE | |
| Original cataloging agency | DLC |
| Transcribing agency | DLC |
| Modifying agency | DLC |
| 050 00 - LIBRARY OF CONGRESS CALL NUMBER | |
| Classification number | TS980.U7 |
| Item number | M3 |
| 082 00 - DEWEY DECIMAL CLASSIFICATION NUMBER | |
| Classification number | 675/.2 |
| 110 2# - MAIN ENTRY--CORPORATE NAME | |
| Corporate name or jurisdiction name as entry element | Central Leather Research Institute (India) |
| 245 10 - TITLE STATEMENT | |
| Title | Upper leathers. |
| Statement of responsibility, etc. | Editors: P. S. Venkatachalam [and] K. C. Shivappa. |
| 260 ## - PUBLICATION, DISTRIBUTION, ETC. | |
| Place of publication, distribution, etc. | Madras |
| Date of publication, distribution, etc. | [1966] |
| 300 ## - PHYSICAL DESCRIPTION | |
| Extent | 94 p. |
| Dimensions | 24 cm. |
| 650 #0 - SUBJECT ADDED ENTRY--TOPICAL TERM | |
| Topical term or geographic name entry element | Leather. |
| 700 1# - ADDED ENTRY--PERSONAL NAME | |
| Personal name | Venkatachalam, P. S., |
| Relator term | ed. |
| 700 1# - ADDED ENTRY--PERSONAL NAME | |
| Personal name | Shivappa, K. C., |
| Relator term | ed. |
No items available.